| 000 | 00942nam a2200217 i 4500 | ||
|---|---|---|---|
| 001 | 163842 | ||
| 003 | ES-MaACL | ||
| 005 | 20250907063126.0 | ||
| 008 | 950206s1882 sp |||| | spa d | ||
| 040 | _aAS | ||
| 100 | 1 |
_aRodríguez Villa, Antonio, _d1843-1912 _998860 |
|
| 245 | 1 | 0 |
_aPatiño y Campillo _b: reseña histórico-biográfica de estos dos ministros de Felipe V formada con documentos y papeles inéditos y desconocidos en su mayor parte / _cpor Antonio Rodríguez Villa. |
| 260 |
_aMadrid : _b[s.n.], _c1882 ( _fEstab. tip. de los Sucesores de Rivadeneyra) |
||
| 300 |
_a196 p. ; _c20 cm. |
||
| 597 | _aAntep. | ||
| 600 | 1 | 4 |
_aPatiño, José ( _d1666-1736) _9130897 |
| 600 | 0 | 4 |
_aCampillo y Cosío, José del. _934175 |
| 651 | 4 |
_aEspaña- _xHistoria- _y1700-1746, Felipe V. _98237 |
|
| 852 |
_aES-MaACL _jT-879-F-5 _z-- Enc. hol., conservando la cub. original _z-- Enc. en un vol. facticio |
||
| 999 |
_c163842 _d163842 |
||